| 000 | 00418nam a2200169Ia 4500 | ||
|---|---|---|---|
| 003 | LK-CoDNM | ||
| 008 | 010623t1989 xxu||||| |||| 00| 1 sin d | ||
| 040 |
_aLK-CoDNM _dLK-CoDNM _eLK-CoDNM |
||
| 041 | _asin | ||
| 080 | _a8S-1 ABH | ||
| 100 | _aAbhayasundara, Wimal | ||
| 245 | _aසුර මුරලිය | ||
| 246 | _aSura Muraliya | ||
| 260 |
_bGodage _aColombo _c1989 |
||
| 300 | _b96p., 18 cm | ||
| 942 | _cBK | ||
| 999 |
_c114510 _d114510 |
||